| 000 | 00326 a2200133 4500 | ||
|---|---|---|---|
| 001 | 87596 | ||
| 082 | _aN-3584 | ||
| 090 |
_c41050 _d41050 |
||
| 100 | _aAnwar, Dr | ||
| 245 |
_aCalculus of multivariable [cd] _pCAE4 CDs set _bMTH301 |
||
| 260 |
_aLahore _b2005 _cVirtual University |
||
| 500 | _aCD/DVD | ||
| 520 | _avideo library | ||
| 942 |
_aCAE NUST _kN-3584 |
||
| 999 |
_c322669 _d322669 |
||